|
|
|
|
| LEADER |
00609cam a2200193 7i4500 |
| 001 |
0000014693 |
| 005 |
20041101090000.0 |
| 020 |
0 |
0 |
|a 0-415-0724 X
|
| 090 |
0 |
0 |
|a LANG 439.318342120
|b REN
|
| 100 |
1 |
0 |
|a Renier
|
| 245 |
1 |
0 |
|a Colloquial Dutch.
|
| 260 |
0 |
0 |
|a London:
|b Routledge,
|c 1981.
|
| 300 |
# |
# |
|a 193 p.
|
| 440 |
0 |
0 |
|a The colloquial series
|
| 500 |
0 |
0 |
|a Accompanying cassette available
|
| 650 |
0 |
0 |
|a Dutch language --
|x Grammar
|
| 650 |
0 |
0 |
|a Dutch language --
|x Spoken Dutch
|
| 650 |
0 |
0 |
|a Dutch language --
|x Textbooks for foreign speakers --
|x English
|
| 999 |
|
|
|a B000007347
|b Book
|c Language
|e Business Information Centre
|